Agents of SHIELD Characters #1 - Statistics

General Stats
  • This quiz has been taken 111 times
  • The average score is 12 of 16
Answer Stats
Hint Name % Correct
The agent back drom the dead Phil Coulson
99%
Genius hacker Skye
98%
The biochemist Jemma Simmons
97%
The engineer Leo Fitz
97%
The Cavalry Melinda May
97%
The double-faced traitor Grant Ward
94%
The Director of SHIELD Nick Fury
94%
The above’s mentor / the Clairvoyant John Garrett
82%
The second-in-command of SHIELD Maria Hill
75%
A Level-8 agent who was killed by a traitor while locking up the Clairvoyant Victoria Hand
74%
The “hooded hero” Deathlok
70%
The above’s protegé Antoine Triplett
53%
A scientist obsessed with superpowered humans Raina
52%
Was being controlled through a prosthetic eye by an Englishman Akela Amador
38%
Coulson’s true love Audrey Nathan
24%
The fake Clairvoyant Thomas Nash
22%
No matching quizzes found
Score Distribution
Percent of People with Each Score
Percentile by Number Answered
Your Score History
You have not taken this quiz